00361pam a2200145a 44500008004100000020000900041041000800050082001300058100003200071245004200103250000800145260003900153300001400192650000900206230515b1990 xxu||||| |||| 00| 0 eng d aNULL aENG a610.7362 aSandra R Mott Susan R James aNursing care of children and families a2nd aNULLb"Addison Wesley, nd, "c1990 a1939 i 59 aN.D.